[Event "2 Bundesliga Ost 2007/2008"]
[Site "20 2110Bruck,3011 212Bade"]
[Date "2008.01.26"]
[Round "6"]
[Board "3"]
[White "Bachofner, Andreas"]
[Black "Wallner, Alfred"]
[Result "1/2-1/2"]
[WhiteElo "2246"]
[BlackElo "2256"]
[PlyCount "20"]
[EventDate "2007.10.20"]
[EventType "team"]
[EventRounds "11"]
[EventCountry "AUT"]
[WhiteTeam "Blackburne Nickelsdorf"]
[BlackTeam "SV Tschaturanga Neubau"]

1.Nf3 c5 2.b3 d6 3.Bb2 e5 4.e4 Nc6 5.Nc3 Nf6 6.Bc4 Be7 7.d3 O-O 8.Nd5 Nxd5
9.Bxd5 Nb4 10.Bc4 b5

[Event "2 Bundesliga Ost 2007/2008"]
[Site "20 2110Bruck,3011 212Bade"]
[Date "2008.01.26"]
[Round "6"]
[Board "4"]
[White "Schwaninger, Wolfgang"]
[Black "Koffler, Daniel"]
[Result "0-1"]
[WhiteElo "2175"]
[BlackElo "2213"]
[PlyCount "78"]
[EventDate "2007.10.20"]
[EventType "team"]
[EventRounds "11"]
[EventCountry "AUT"]
[WhiteTeam "SV Tschaturanga Neubau"]
[BlackTeam "Blackburne Nickelsdorf"]

1.d4 Nf6 2.Nf3 g6 3.g3 Bg7 4.Bg2 O-O 5.O-O d5 6.c4 dxc4 7.Nc3 Nd5 8.e4 Nb6 9.a4
a5 10.Bf4 Na6 11.h3 Nb4 12.Nb5 c6 13.Bc7 Qd7 14.Bxb6 cxb5 15.axb5 Qxb5 16.Bc5
Re8 17.Qe2 Nd3 18.Ba3 Qh5 19.b3 b5 20.bxc4 bxc4 21.Qc2 Bxh3 22.Qxc4 Bxg2 23.Kxg2
Nf4+ 24.gxf4 Qg4+ 25.Kh2 Qxf4+ 26.Kg1 Qg4+ 27.Kh2 Qxf3 28.Bc5 Qxe4 29.Rfe1 Be5+
30.Kg1 Qg4+ 31.Kf1 Qh3+ 32.Ke2 Bd6 33.Ra3 Qg4+ 34.Rf3 Rf8 35.Rc1 a4 36.Qd5 a3
37.Kf1 Rad8 38.Rxa3 Bxc5 39.Qxc5 Rc8

[Event "2 Bundesliga Ost 2007/2008"]
[Site "20 2110Bruck,3011 212Bade"]
[Date "2008.01.26"]
[Round "6"]
[Board "5"]
[White "Bachofner, Christian"]
[Black "Froeschl, Felix"]
[Result "1-0"]
[WhiteElo "2098"]
[BlackElo "2203"]
[PlyCount "55"]
[EventDate "2007.10.20"]
[EventType "team"]
[EventRounds "11"]
[EventCountry "AUT"]
[WhiteTeam "Blackburne Nickelsdorf"]
[BlackTeam "SV Tschaturanga Neubau"]

1.e4 c5 2.Nf3 d6 3.d4 cxd4 4.Nxd4 Nf6 5.Nc3 a6 6.Bc4 e6 7.Bb3 Be7 8.Be3 O-O
9.Qe2 Nc6 10.Rg1 Qc7 11.g4 Re8 12.g5 Nxd4 13.Bxd4 Nd7 14.Qh5 g6 15.Qh6 Bf8
16.Qh4 Be7 17.O-O-O h5 18.f4 b5 19.f5 Nc5 20.fxg6 Nxb3+ 21.axb3 fxg6 22.Bf6 Bf8
23.e5 Bb7 24.Qg3 dxe5 25.Bxe5 Qc6 26.Rgf1 Rad8 27.Rxd8 Rxd8 28.Qf4

[Event "2 Bundesliga Ost 2007/2008"]
[Site "20 2110Bruck,3011 212Bade"]
[Date "2008.01.26"]
[Round "6"]
[Board "6"]
[White "Ponjican, Erich"]
[Black "Steinert, Martin"]
[Result "0-1"]
[WhiteElo "2191"]
[BlackElo "2046"]
[PlyCount "70"]
[EventDate "2007.10.20"]
[EventType "team"]
[EventRounds "11"]
[EventCountry "AUT"]
[WhiteTeam "SV Tschaturanga Neubau"]
[BlackTeam "Blackburne Nickelsdorf"]

1.e4 g6 2.d4 Bg7 3.Nf3 d6 4.h3 Nc6 5.c4 e5 6.d5 Nce7 7.Nc3 f5 8.Bd3 Nf6 9.O-O h6
10.b4 f4 11.c5 O-O 12.a4 g5 13.Nh2 h5 14.f3 Rf7 15.Ba3 Bf8 16.Rc1 Ng6 17.Rf2 Rg7
18.Rfc2 g4 19.hxg4 hxg4 20.fxg4 f3 21.gxf3 Nf4 22.Bf1 N6h5 23.Qe1 Be7 24.cxd6
Bh4 25.dxc7 Qf6 26.Qe3 Bg5 27.Qc5 Ng3 28.d6 Ne6 29.Nd5 Qh6 30.Qf2 Nxf1 31.Rxf1
Nd4 32.Rc4 Be6 33.Bc1 Rh7 34.Bxg5 Nxf3+ 35.Kh1 Qxh2+

[Event "2 Bundesliga Ost 2007/2008"]
[Site "20 2110Bruck,3011 212Bade"]
[Date "2008.01.27"]
[Round "7"]
[Board "1"]
[White "Kleiser, Gregor"]
[Black "Chernin, Alexander"]
[Result "1/2-1/2"]
[WhiteElo "2323"]
[BlackElo "2587"]
[PlyCount "71"]
[EventDate "2007.10.20"]
[EventType "team"]
[EventRounds "11"]
[EventCountry "AUT"]
[WhiteTeam "SV Tschaturanga Neubau"]
[BlackTeam "Husek Wien"]

1.d4 Nf6 2.Nf3 e6 3.c4 b6 4.g3 Ba6 5.b3 b5 6.c5 d6 7.cxd6 cxd6 8.Bg2 Nbd7 9.O-O
Rc8 10.Bg5 Be7 11.Re1 h6 12.Bd2 O-O 13.e4 d5 14.e5 Ne4 15.Re3 Qb6 16.b4 Rc4
17.a3 Rfc8 18.Qe1 f5 19.exf6 Bxf6 20.Nc3 Nxd2 21.Qxd2 Bxd4 22.Nxd4 Rxd4 23.Qe1
Nf8 24.Ne2 Rdc4 25.Nf4 d4 26.Rxe6 Nxe6 27.Bd5 Re8 28.Nxe6 Kh8 29.Qe5 Re7 30.Qf5
Rxe6 31.Bxe6 Qd8 32.Rd1 Bc8 33.Bxc8 Qxc8 34.Qxc8+ Rxc8 35.Rxd4 Rc3 36.a4

[Event "2 Bundesliga Ost 2007/2008"]
[Site "20 2110Bruck,3011 212Bade"]
[Date "2008.01.27"]
[Round "7"]
[Board "2"]
[White "Groszpeter, Attila"]
[Black "Wukits, Rene"]
[Result "1/2-1/2"]
[WhiteElo "2540"]
[BlackElo "2302"]
[PlyCount "51"]
[EventDate "2007.10.20"]
[EventType "team"]
[EventRounds "11"]
[EventCountry "AUT"]
[WhiteTeam "Husek Wien"]
[BlackTeam "SV Tschaturanga Neubau"]

1.e4 c5 2.Nf3 e6 3.d4 cxd4 4.Nxd4 a6 5.Bd3 Bc5 6.Nb3 Be7 7.O-O d6 8.Nc3 Nd7 9.f4
Ngf6 10.Kh1 h5 11.Qf3 Qc7 12.Bd2 b6 13.e5 Bb7 14.exd6 Bxf3 15.dxc7 Bb7 16.f5 e5
17.Rae1 Rc8 18.Bg5 Rxc7 19.Bxf6 Bxf6 20.Be4 Bxe4 21.Rxe4 O-O 22.Rd1 Rfc8 23.Kg1
Bg5 24.Rf1 Nf6 25.Ra4 Ng4 26.Rxa6

[Event "2 Bundesliga Ost 2007/2008"]
[Site "20 2110Bruck,3011 212Bade"]
[Date "2008.01.27"]
[Round "7"]
[Board "3"]
[White "Wallner, Alfred"]
[Black "Beim, Valeri"]
[Result "1/2-1/2"]
[WhiteElo "2256"]
[BlackElo "2523"]
[PlyCount "45"]
[EventDate "2007.10.20"]
[EventType "team"]
[EventRounds "11"]
[EventCountry "AUT"]
[WhiteTeam "SV Tschaturanga Neubau"]
[BlackTeam "Husek Wien"]

1.e4 g6 2.d4 Bg7 3.Nc3 d6 4.Nf3 a6 5.a4 Nf6 6.Be2 O-O 7.O-O b6 8.Be3 e6 9.Nd2
Bb7 10.f4 c5 11.dxc5 bxc5 12.Bf3 Qc7 13.Nc4 Rd8 14.a5 Nc6 15.Rf2 d5 16.exd5 exd5
17.Nxd5 Nxd5 18.Bxd5 Nb4 19.Bxf7+ Qxf7 20.Qf1 Qf5 21.Nb6 Nxc2 22.Qc4+ Kh8
23.Qxc2

[Event "2 Bundesliga Ost 2007/2008"]
[Site "20 2110Bruck,3011 212Bade"]
[Date "2008.01.27"]
[Round "7"]
[Board "4"]
[White "Boros, Denes"]
[Black "Schwaninger, Wolfgang"]
[Result "1-0"]
[WhiteElo "2460"]
[BlackElo "2175"]
[PlyCount "49"]
[EventDate "2007.10.20"]
[EventType "team"]
[EventRounds "11"]
[EventCountry "AUT"]
[WhiteTeam "Husek Wien"]
[BlackTeam "SV Tschaturanga Neubau"]

1.e4 d6 2.d4 g6 3.Nc3 c6 4.f4 d5 5.e5 h5 6.Be3 Nh6 7.Nf3 Bg4 8.h3 Nf5 9.Bf2 Bxf3
10.Qxf3 h4 11.Bd3 e6 12.O-O Nd7 13.Ne2 Be7 14.b3 Qa5 15.c4 O-O-O 16.c5 Rdg8
17.a3 Kb8 18.b4 Qc7 19.a4 Ka8 20.b5 b6 21.bxc6 Qxc6 22.Bb5 Qc7 23.cxb6 Nxb6
24.Rfc1 Qd8 25.a5

[Event "2 Bundesliga Ost 2007/2008"]
[Site "20 2110Bruck,3011 212Bade"]
[Date "2008.01.27"]
[Round "7"]
[Board "5"]
[White "Froeschl, Felix"]
[Black "Mihok, Oliver"]
[Result "0-1"]
[WhiteElo "2203"]
[BlackElo "2371"]
[PlyCount "94"]
[EventDate "2007.10.20"]
[EventType "team"]
[EventRounds "11"]
[EventCountry "AUT"]
[WhiteTeam "SV Tschaturanga Neubau"]
[BlackTeam "Husek Wien"]

1.d4 Nf6 2.c4 c5 3.d5 b5 4.cxb5 a6 5.bxa6 g6 6.Nc3 Bxa6 7.e4 Bxf1 8.Kxf1 d6 9.g4
h6 10.h3 Bg7 11.Nge2 Nbd7 12.Kg2 O-O 13.Bf4 Qa5 14.Qd2 Kh7 15.Rad1 Rfb8 16.Qc2
Ne8 17.Bc1 Nc7 18.Rhf1 Nb5 19.Nxb5 Qxb5 20.b3 Qa5 21.a4 Qb4 22.Rd3 Qxe4+ 23.f3
Qb4 24.Re3 Bf6 25.Bb2 Ra7 26.Bxf6 Nxf6 27.Rd1 Rc7 28.h4 h5 29.g5 Ne8 30.Kh3 Ng7
31.Ng3 Rbb7 32.Qa2 Qf4 33.Qe2 Nf5 34.Nxf5 Qxf5+ 35.Kg3 Rb4 36.Re4 Rcb7 37.Rxb4
Rxb4 38.Qe3 Kg8 39.Rd2 Qb1 40.Qxe7 Qg1+ 41.Rg2 Qd4 42.Qe4 Qd1 43.Qe8+ Kg7 44.Qe7
Rxb3 45.Re2 Qg1+ 46.Rg2 Qd4 47.Re2 Qg4+

[Event "2 Bundesliga Ost 2007/2008"]
[Site "20 2110Bruck,3011 212Bade"]
[Date "2008.01.27"]
[Round "7"]
[Board "6"]
[White "Kummer, Helmut"]
[Black "Ernst, Michael"]
[Result "1-0"]
[WhiteElo "2373"]
[BlackElo "2172"]
[PlyCount "141"]
[EventDate "2007.10.20"]
[EventType "team"]
[EventRounds "11"]
[EventCountry "AUT"]
[WhiteTeam "Husek Wien"]
[BlackTeam "SV Tschaturanga Neubau"]

1.d4 Nf6 2.c4 e6 3.Nf3 Bb4+ 4.Bd2 Qe7 5.g3 O-O 6.Nc3 Bxc3 7.Bxc3 Ne4 8.Rc1 Nxc3
9.Rxc3 d6 10.Bg2 e5 11.O-O Nd7 12.c5 dxc5 13.dxc5 Nxc5 14.Qd5 Na4 15.Re3 Nb6
16.Qxe5 Qxe5 17.Nxe5 c6 18.Nd3 Be6 19.Nc5 Nc4 20.Rc3 Nd6 21.Rd3 Nc4 22.b3 Ne5
23.Rd6 Bc8 24.Rfd1 Re8 25.h3 f6 26.R6d2 Rb8 27.f4 Nf7 28.Kf2 Kf8 29.g4 Re7
30.Ne4 b6 31.Nc3 Bb7 32.Rd7 c5 33.Bf3 Bxf3 34.Kxf3 Rb7 35.R7d5 Ke8 36.R5d2 Red7
37.Nd5 Nd8 38.e3 Nc6 39.h4 Ne7 40.g5 Nxd5 41.Rxd5 fxg5 42.Re5+ Kf7 43.Rf5+ Kg8
44.Rxd7 Rxd7 45.hxg5 g6 46.Re5 Kg7 47.Ke4 h6 48.gxh6+ Kxh6 49.Rd5 Re7+ 50.Kd3
Kg7 51.e4 Kf7 52.e5 Ke8 53.Ke4 Rc7 54.Rd6 Kf7 55.f5 gxf5+ 56.Kxf5 b5 57.Rh6 Kg7
58.Rg6+ Kf8 59.e6 c4 60.Kf6 Rh7 61.bxc4 bxc4 62.Rg4 Rh6+ 63.Ke5 c3 64.Kd6 c2
65.Rc4 Rh1 66.Rc8+ Kg7 67.Rxc2 Rd1+ 68.Ke7 Re1 69.Rc7 a5 70.Kd8+ Kf6 71.e7

[Event "2 Bundesliga Ost 2007/2008"]
[Site "20 2110Bruck,3011 212Bade"]
[Date "2008.01.27"]
[Round "7"]
[Board "2"]
[White "Vlcek, Stanislav"]
[Black "Chytilek, Roman"]
[Result "1/2-1/2"]
[WhiteElo "2322"]
[BlackElo "2384"]
[PlyCount "36"]
[EventDate "2007.10.20"]
[EventType "team"]
[EventRounds "11"]
[EventCountry "AUT"]
[WhiteTeam "Blackburne Nickelsdorf"]
[BlackTeam "SV Stockerau"]

1.e4 d5 2.exd5 Qxd5 3.Nc3 Qa5 4.d4 Nf6 5.Nf3 c6 6.Bd2 Bf5 7.Ne4 Qc7 8.Nxf6+ exf6
9.Bc4 Bd6 10.O-O O-O 11.Re1 Bg4 12.h3 Bh5 13.Be2 Nd7 14.c4 a5 15.Bc3 b6 16.Nd2
Bg6 17.Bf3 Rad8 18.Ne4 Bb4

[Event "2 Bundesliga Ost 2007/2008"]
[Site "20 2110Bruck,3011 212Bade"]
[Date "2008.01.27"]
[Round "7"]
[Board "3"]
[White "Groetz, Harald"]
[Black "Bachofner, Andreas"]
[Result "1/2-1/2"]
[WhiteElo "2321"]
[BlackElo "2246"]
[PlyCount "151"]
[EventDate "2007.10.20"]
[EventType "team"]
[EventRounds "11"]
[EventCountry "AUT"]
[WhiteTeam "SV Stockerau"]
[BlackTeam "Blackburne Nickelsdorf"]

1.e4 d5 2.exd5 Qxd5 3.Nc3 Qa5 4.d4 c6 5.Nf3 Nf6 6.Bc4 Bf5 7.Bd2 e6 8.Nd5 Qd8
9.Nxf6+ gxf6 10.Bb3 Nd7 11.Qe2 Qc7 12.O-O-O O-O-O 13.Nh4 Bg6 14.g3 Bd6 15.Ng2 c5
16.Bc3 Kb8 17.h4 h5 18.dxc5 Be5 19.Bxe5 fxe5 20.c3 Nxc5 21.Bc2 f5 22.f3 e4
23.Nf4 exf3 24.Rxd8+ Rxd8 25.Qxf3 Bf7 26.Rd1 Rh8 27.Qe3 Rg8 28.Re1 b6 29.b3 Ne4
30.Bxe4 fxe4 31.Rd1 Qc6 32.Kb2 e5 33.Nh3 Be6 34.Ng5 Bg4 35.Re1 Bf3 36.Nxe4 Bxe4
37.Qxe4 Qxe4 38.Rxe4 Re8 39.Kc2 Kc7 40.Kd3 Kd6 41.g4 Rd8 42.gxh5 Ke6+ 43.Ke3 Kf5
44.Rc4 Rh8 45.Rc7 Rxh5 46.Rf7+ Ke6 47.Rxa7 Rxh4 48.Rb7 Kf5 49.Rf7+ Ke6 50.Rf2
Rh3+ 51.Kd2 e4 52.Rg2 Ke5 53.a4 Rd3+ 54.Kc2 Rd6 55.b4 e3 56.a5 bxa5 57.bxa5 Ke4
58.Rh2 Kf3 59.Rh3+ Kf2 60.c4 e2 61.Rh2+ Kf3 62.Rh1 Kg2 63.Ra1 Kf2 64.Kc3 Rd1
65.Ra2 Ke3 66.Rxe2+ Kxe2 67.c5 Ke3 68.Kc4 Ke4 69.a6 Ra1 70.c6 Rxa6 71.Kb5 Ra1
72.c7 Rc1 73.Kb6 Kd5 74.Kb7 Kd6 75.c8=Q Rxc8 76.Kxc8

[Event "2 Bundesliga Ost 2007/2008"]
[Site "20 2110Bruck,3011 212Bade"]
[Date "2008.01.27"]
[Round "7"]
[Board "4"]
[White "Koffler, Daniel"]
[Black "Batyte, Daiva"]
[Result "1-0"]
[WhiteElo "2213"]
[BlackElo "2198"]
[PlyCount "103"]
[EventDate "2007.10.20"]
[EventType "team"]
[EventRounds "11"]
[EventCountry "AUT"]
[WhiteTeam "Blackburne Nickelsdorf"]
[BlackTeam "SV Stockerau"]

1.e4 b6 2.d4 Bb7 3.Bd3 Nf6 4.Qe2 Nc6 5.c3 e5 6.Nf3 d6 7.O-O Nd7 8.Rd1 Be7 9.Nbd2
O-O 10.Nf1 Bf6 11.d5 Ne7 12.Ng3 Ng6 13.Nh5 Be7 14.h3 a5 15.b4 axb4 16.cxb4 c5
17.dxc6 Bxc6 18.Be3 Ra4 19.Bb5 Bxb5 20.Qxb5 Ra7 21.Ng3 Qa8 22.a4 Rc7 23.Nf5 Rc6
24.Qd3 Rfc8 25.b5 Nc5 26.Bxc5 Rxc5 27.Nxe7+ Nxe7 28.Qxd6 Ng6 29.Qxb6 Rc4 30.a5
h6 31.Qd6 Qxe4 32.Nd2 Qf5 33.Nxc4 Rxc4 34.Qd8+ Kh7 35.Qd3 Qc8 36.a6 Rd4 37.Qxd4
exd4 38.a7 Qa8 39.b6 Nf4 40.b7 Qxb7 41.a8=Q Qe7 42.Re1 Qg5 43.Qf3 d3 44.Re4 Ng6
45.Qxd3 f5 46.Rd4 Ne5 47.Qe2 Qf6 48.Re1 Ng6 49.Ra4 Qc6 50.Ra6 Qc5 51.Qh5 Nf4
52.Rxh6+

[Event "2 Bundesliga Ost 2007/2008"]
[Site "20 2110Bruck,3011 212Bade"]
[Date "2008.01.27"]
[Round "7"]
[Board "5"]
[White "Sadilek, Maximilian"]
[Black "Bachofner, Christian"]
[Result "1/2-1/2"]
[WhiteElo "2156"]
[BlackElo "2098"]
[PlyCount "191"]
[EventDate "2007.10.20"]
[EventType "team"]
[EventRounds "11"]
[EventCountry "AUT"]
[WhiteTeam "SV Stockerau"]
[BlackTeam "Blackburne Nickelsdorf"]

1.e4 c5 2.Nf3 d6 3.d4 cxd4 4.Nxd4 Nf6 5.Nc3 a6 6.Bc4 e6 7.Bb3 Nc6 8.Be3 Qc7
9.Qe2 Na5 10.g4 Nxb3 11.axb3 Be7 12.g5 Nd7 13.h4 Rb8 14.h5 b5 15.O-O-O b4 16.Na4
Nc5 17.g6 O-O 18.gxh7+ Kh8 19.Rhg1 Bf6 20.Qf3 Bb7 21.h6 Bxe4 22.hxg7+ Bxg7
23.Qe2 Bg6 24.Rxg6 fxg6 25.Nxc5 dxc5 26.Nxe6 Qc6 27.Nxg7 Kxg7 28.Qc4 Rbc8 29.Qh4
Rfe8 30.Qg4 Rcd8 31.Rxd8 Rxd8 32.Qh4 Qd5 33.Kb1 a5 34.Bxc5 Qxc5 35.Qxd8 Kxh7
36.Qd7+ Kh6 37.Qh3+ Kg7 38.Qd7+ Kh6 39.Qh3+ Kg7 40.Qg3 Qd5 41.Qd3 Qc5 42.f3 Kh6
43.c4 bxc3 44.bxc3 Kg5 45.Qd2+ Kf5 46.Kb2 Qc6 47.Qd3+ Kf4 48.c4 g5 49.Qd2+ Kxf3
50.Qxg5 Qb6 51.Qd5+ Ke2 52.Qg2+ Ke1 53.Qc2 Qc5 54.Qd3 Kf2 55.Qd2+ Kg3 56.Qd5
Qf2+ 57.Kc3 Qe1+ 58.Qd2 Qa1+ 59.Kd3 Qb1+ 60.Qc2 Qf1+ 61.Kd4 Qf6+ 62.Kc5 Qe7+
63.Kb5 Qb4+ 64.Kc6 Kf4 65.c5 Ke5 66.Qd3 a4 67.Qe3+ Kf5 68.bxa4 Qxa4+ 69.Kd6 Qb4
70.Qe5+ Kg6 71.Ke6 Qc4+ 72.Kd7 Qb5+ 73.Ke6 Qe8+ 74.Kd5 Qa8+ 75.c6 Qa5+ 76.Ke6
Qa2+ 77.Kd7 Qa4 78.Qd6+ Kh5 79.Kd8 Qa8+ 80.Ke7 Qa7+ 81.c7 Qe3+ 82.Kd8 Qg5+
83.Qe7 Qd5+ 84.Qd7 Qa5 85.Qe8+ Kh4 86.Qh8+ Kg4 87.Qd4+ Kh5 88.Kd7 Qb5+ 89.Ke7
Qe2+ 90.Kf6 Qf3+ 91.Ke7 Qe2+ 92.Kf7 Qf3+ 93.Qf6 Qb3+ 94.Kg7 Qg3+ 95.Kf8 Qxc7
96.Qf7+

[Event "2 Bundesliga Ost 2007/2008"]
[Site "20 2110Bruck,3011 212Bade"]
[Date "2008.01.27"]
[Round "7"]
[Board "6"]
[White "Steinert, Martin"]
[Black "Wiedermann, Franz"]
[Result "1-0"]
[WhiteElo "2046"]
[BlackElo "2135"]
[PlyCount "133"]
[EventDate "2007.10.20"]
[EventType "team"]
[EventRounds "11"]
[EventCountry "AUT"]
[WhiteTeam "Blackburne Nickelsdorf"]
[BlackTeam "SV Stockerau"]

1.e4 d5 2.Nc3 dxe4 3.Nxe4 Bf5 4.Ng3 Bg6 5.Nf3 Qd6 6.d4 Nd7 7.c3 h6 8.Be3 e6
9.Qb3 Qb6 10.Bc4 Ngf6 11.h3 Qxb3 12.Bxb3 Bd6 13.Ne2 Be4 14.Rg1 Bxf3 15.gxf3 g6
16.Nf4 c5 17.O-O-O cxd4 18.Rxd4 Bc5 19.Rd2 Rc8 20.Re1 Bxe3 21.fxe3 Ne5 22.Rf1
Nc4 23.Bxc4 Rxc4 24.Rd4 Rc5 25.Nd3 Rh5 26.Nf2 Nd5 27.Kd2 Ke7 28.c4 Nb4 29.Ke2
Nc6 30.Rd2 Rd8 31.Rxd8 Nxd8 32.b4 Nc6 33.a3 a5 34.b5 Ne5 35.Rc1 Nd7 36.e4 Nc5
37.Rd1 f5 38.Ke3 fxe4 39.fxe4 Rg5 40.Kf3 Nd7 41.Nd3 Ne5+ 42.Nxe5 Rxe5 43.Rd3 Rc5
44.Rc3 Kf6 45.Kf4 g5+ 46.Ke3 Ke5 47.Rc1 b6 48.Kd3 h5 49.Rf1 Rc7 50.Rf8 g4
51.hxg4 hxg4 52.Rg8 Rf7 53.c5 Rd7+ 54.Kc4 Rd4+ 55.Kc3 bxc5 56.Rxg4 Rd1 57.Rg2
Kxe4 58.b6 Rc1+ 59.Rc2 Rh1 60.b7 Rh8 61.Rb2 Rb8 62.Kc4 Ke3 63.Kxc5 e5 64.Kb6 a4
65.Rb4 e4 66.Rxa4 Kd3 67.Ra8

[Event "2 Bundesliga Ost 2007/2008"]
[Site "20 2110Bruck,3011 212Bade"]
[Date "2008.01.27"]
[Round "7"]
[Board "1"]
[White "Papp, Gabor"]
[Black "Schlosser, Michael"]
[Result "1-0"]
[WhiteElo "2489"]
[BlackElo "2328"]
[PlyCount "81"]
[EventDate "2007.10.20"]
[EventType "team"]
[EventRounds "11"]
[EventCountry "AUT"]
[WhiteTeam "ASVOe SK Mattersburg"]
[BlackTeam "Aljechin/Wieden"]

1.e4 c5 2.Nf3 e6 3.d4 cxd4 4.Nxd4 a6 5.Bd3 Nf6 6.O-O Qc7 7.c4 Bd6 8.h3 h5 9.Nd2
g5 10.N2f3 g4 11.Ng5 gxh3 12.gxh3 Nc6 13.Nxc6 dxc6 14.f4 Bc5+ 15.Kh1 h4 16.e5
Nh5 17.Kh2 Ng3 18.Rf3 Bd7 19.Qc2 Rg8 20.Bd2 Rg7 21.Be1 O-O-O 22.Bxg3 hxg3+
23.Rxg3 Rh8 24.Bf1 Rhg8 25.Rd1 Be7 26.Ne4 Rxg3 27.Nxg3 Qb6 28.Bg2 Qe3 29.Qd3
Qxf4 30.Qxd7+ Kb8 31.Rd3 Bh4 32.Qd6+ Ka8 33.Qa3 Qxe5 34.Bxc6 Ka7 35.Bg2 f5
36.Qc3 Qc5 37.b4 Qf2 38.Rf3 Bxg3+ 39.Rxg3 Rxg3 40.Qxg3 Qxa2 41.Qc7

[Event "2 Bundesliga Ost 2007/2008"]
[Site "20 2110Bruck,3011 212Bade"]
[Date "2008.01.27"]
[Round "7"]
[Board "2"]
[White "Hodisch, Juri"]
[Black "Petrik, Tomas"]
[Result "1/2-1/2"]
[WhiteElo "2357"]
[BlackElo "2489"]
[PlyCount "83"]
[EventDate "2007.10.20"]
[EventType "team"]
[EventRounds "11"]
[EventCountry "AUT"]
[WhiteTeam "Aljechin/Wieden"]
[BlackTeam "ASVOe SK Mattersburg"]

1.d4 e6 2.e4 d5 3.Nc3 Bb4 4.e5 Ne7 5.a3 Bxc3+ 6.bxc3 c5 7.Nf3 Bd7 8.Be2 Ba4
9.Rb1 Qc7 10.O-O cxd4 11.Rb4 b5 12.cxd4 a6 13.Bd3 h6 14.Qe2 Nbc6 15.Rb1 Na5
16.Bd2 Bxc2 17.Bxc2 Qxc2 18.Rfc1 Qe4 19.Qxe4 dxe4 20.Bxa5 exf3 21.gxf3 Nd5
22.Rc6 O-O 23.Rbc1 Kh7 24.Kf1 g5 25.R1c5 Ra7 26.Ke2 Rfa8 27.Kd3 Rb7 28.Ke4 b4
29.axb4 Nxb4 30.Rc7 Raa7 31.Rxb7 Rxb7 32.Bxb4 Rxb4 33.Ra5 Rb2 34.Ke3 Rb5 35.f4
Kg6 36.fxg5 Kxg5 37.Ke4 Rb2 38.Ke3 Rb3+ 39.Ke4 Rb2 40.Ke3 Rb3+ 41.Ke4 Rb2 42.Ke3

[Event "2 Bundesliga Ost 2007/2008"]
[Site "20 2110Bruck,3011 212Bade"]
[Date "2008.01.27"]
[Round "7"]
[Board "3"]
[White "Petran, Peter"]
[Black "Vitouch, Anatol"]
[Result "1-0"]
[WhiteElo "2360"]
[BlackElo "2211"]
[PlyCount "101"]
[EventDate "2007.10.20"]
[EventType "team"]
[EventRounds "11"]
[EventCountry "AUT"]
[WhiteTeam "ASVOe SK Mattersburg"]
[BlackTeam "Aljechin/Wieden"]

1.g3 d5 2.Bg2 c6 3.Nf3 Bg4 4.d3 Nd7 5.Nbd2 Ngf6 6.O-O e6 7.b3 Bd6 8.Bb2 O-O 9.h3
Bh5 10.e4 e5 11.c3 Re8 12.Qc2 dxe4 13.dxe4 a5 14.a3 Qc7 15.Rfc1 Bf8 16.b4 Nb6
17.Qb3 Bxf3 18.Nxf3 Nxe4 19.Re1 Nf6 20.c4 Nbd7 21.c5 axb4 22.axb4 Rxa1 23.Bxa1
Nd5 24.Nd2 N7f6 25.Nc4 e4 26.Bd4 Qd7 27.Rd1 Qf5 28.Ra1 Qc8 29.Be5 Nc7 30.Nb6 Qd8
31.Qb2 Nd7 32.Rd1 Nd5 33.Nxd7 Qxd7 34.Bxe4 Qxh3 35.Bxd5 cxd5 36.Qd4 Qe6 37.Bf4
Rd8 38.b5 Be7 39.Rc1 Bf6 40.Qa4 Be5 41.c6 Bxf4 42.Qxf4 bxc6 43.bxc6 Qh6 44.c7
Rc8 45.Rb1 Qe6 46.Rb8 Kf8 47.Qh4 f6 48.Qxh7 Kf7 49.Qh5+ Ke7 50.Qg6 Kf8 51.g4

[Event "2 Bundesliga Ost 2007/2008"]
[Site "20 2110Bruck,3011 212Bade"]
[Date "2008.01.27"]
[Round "7"]
[Board "4"]
[White "Wirius, Johannes"]
[Black "Brod, Manfred"]
[Result "1/2-1/2"]
[WhiteElo "2181"]
[BlackElo "2198"]
[PlyCount "43"]
[EventDate "2007.10.20"]
[EventType "team"]
[EventRounds "11"]
[EventCountry "AUT"]
[WhiteTeam "Aljechin/Wieden"]
[BlackTeam "ASVOe SK Mattersburg"]

1.c4 c5 2.Nc3 Nc6 3.g3 g6 4.Bg2 Bg7 5.Nf3 e6 6.d3 Nge7 7.O-O O-O 8.Bf4 e5 9.Bd2
h6 10.a3 d6 11.Rb1 a5 12.h3 Be6 13.e4 f5 14.Nd5 Rb8 15.b4 axb4 16.axb4 cxb4
17.exf5 gxf5 18.Nxb4 e4 19.dxe4 fxe4 20.Nh4 Bxc4 21.Re1 d5 22.Qc1

[Event "2 Bundesliga Ost 2007/2008"]
[Site "20 2110Bruck,3011 212Bade"]
[Date "2008.01.27"]
[Round "7"]
[Board "5"]
[White "Riedner, Martin"]
[Black "Zaynard, Andreas"]
[Result "1-0"]
[WhiteElo "2190"]
[BlackElo "2078"]
[PlyCount "39"]
[EventDate "2007.10.20"]
[EventType "team"]
[EventRounds "11"]
[EventCountry "AUT"]
[WhiteTeam "ASVOe SK Mattersburg"]
[BlackTeam "Aljechin/Wieden"]

1.Nf3 d6 2.d4 Bg4 3.e4 Nf6 4.Nbd2 e5 5.c3 Nbd7 6.Qb3 Rb8 7.Bd3 Be7 8.O-O O-O
9.h3 Bxf3 10.Nxf3 b5 11.a4 bxa4 12.Qxa4 exd4 13.cxd4 c5 14.e5 Nd5 15.exd6 Bxd6
16.Qc6 Nf4 17.Bxf4 Rb6 18.Qe4 Nf6 19.Qf5 g6 20.Qg5

[Event "2 Bundesliga Ost 2007/2008"]
[Site "20 2110Bruck,3011 212Bade"]
[Date "2008.01.27"]
[Round "7"]
[Board "6"]
[White "Kostka, Alexander"]
[Black "Salamon, Werner"]
[Result "0-1"]
[WhiteElo "2077"]
[BlackElo "2147"]
[PlyCount "144"]
[EventDate "2007.10.20"]
[EventType "team"]
[EventRounds "11"]
[EventCountry "AUT"]
[WhiteTeam "Aljechin/Wieden"]
[BlackTeam "ASVOe SK Mattersburg"]

1.Nf3 d5 2.g3 Nf6 3.Bg2 Bf5 4.d4 e6 5.c4 c6 6.Qb3 Qb6 7.O-O Nbd7 8.Nbd2 h6 9.Ne5
Be7 10.cxd5 exd5 11.Nxd7 Bxd7 12.Qd3 O-O 13.Nb3 a5 14.a4 Rfe8 15.Be3 Ne4 16.f3
Nd6 17.Nc5 Bf5 18.Qc3 Nc4 19.Bf2 Bxc5 20.dxc5 Qxb2 21.Qxb2 Nxb2 22.Ra2 Nc4 23.e4
dxe4 24.Rc1 exf3 25.Bxf3 Ne5 26.Bg2 Nd3 27.Rf1 Be4 28.Bxe4 Rxe4 29.Rb1 Nb4
30.Rd2 Rae8 31.Rd7 R4e7 32.Rd6 f6 33.Kf1 Kf7 34.Be1 Re4 35.Bxb4 axb4 36.a5 R8e6
37.Rd8 Rc4 38.Ra8 Rxc5 39.Rxb4 Rf5+ 40.Kg2 Re2+ 41.Kh3 Rb5 42.Rd4 Re7 43.a6 bxa6
44.Rxa6 Rh5+ 45.Kg4 Rxh2 46.Rxc6 h5+ 47.Kf3 Ree2 48.g4 Rhf2+ 49.Kg3 Rg2+ 50.Kh3
hxg4+ 51.Kh4 g5+ 52.Kh5 Rh2+ 53.Kxg4 Rh4+ 54.Kf3 Rxd4 55.Kxe2 Kg6 56.Kf3 Ra4
57.Rb6 g4+ 58.Kg3 Kg5 59.Rb8 Ra3+ 60.Kg2 f5 61.Rb5 Re3 62.Ra5 Kf4 63.Ra4+ Re4
64.Ra2 g3 65.Kh3 Kf3 66.Ra5 f4 67.Ra3+ Re3 68.Ra4 g2 69.Kh2 Re8 70.Ra3+ Kf2
71.Ra2+ Kf1 72.Rxg2 Rh8#

[Event "2 Bundesliga Ost 2007/2008"]
[Site "20 2110Bruck,3011 212Bade"]
[Date "2008.01.27"]
[Round "7"]
[Board "1"]
[White "Beckhuis, Gernod"]
[Black "Blatny, Pavel"]
[Result "1-0"]
[WhiteElo "2350"]
[BlackElo "2432"]
[PlyCount "67"]
[EventDate "2007.10.20"]
[EventType "team"]
[EventRounds "11"]
[EventCountry "AUT"]
[WhiteTeam "Austria Wien"]
[BlackTeam "SK Zwettl"]

1.d4 b6 2.e4 Bb7 3.Nc3 e6 4.Bd3 g6 5.f4 Bg7 6.Nf3 Ne7 7.Be3 d6 8.Qe2 a6 9.O-O-O
Nd7 10.f5 e5 11.g4 gxf5 12.gxf5 exd4 13.Rhg1 Bf6 14.Bxd4 Bxd4 15.Nxd4 b5 16.Ne6
Qb8 17.Qh5 Ne5 18.Rg7 Kd7 19.Ng5 Qf8 20.f6 N7g6 21.Qh3+ Kc6 22.Nd5 Bc8 23.Bxb5+
axb5 24.Qc3+ Nc4 25.Rxf7 Qd8 26.b3 Ra3 27.Rxc7+ Qxc7 28.Nxc7 Nf4 29.Qf3 Ng6
30.Nxb5 Nge5 31.Qc3 Kxb5 32.bxc4+ Ka4 33.Qd4 h6 34.Qxd6

[Event "2 Bundesliga Ost 2007/2008"]
[Site "20 2110Bruck,3011 212Bade"]
[Date "2008.01.27"]
[Round "7"]
[Board "2"]
[White "Vyskocil, Neklan"]
[Black "Hangweyrer, Manfred"]
[Result "1/2-1/2"]
[WhiteElo "2308"]
[BlackElo "2382"]
[PlyCount "39"]
[EventDate "2007.10.20"]
[EventType "team"]
[EventRounds "11"]
[EventCountry "AUT"]
[WhiteTeam "SK Zwettl"]
[BlackTeam "Austria Wien"]

1.e4 c5 2.Nf3 Nc6 3.Nc3 g6 4.Bb5 Bg7 5.h3 Nd4 6.Bc4 d6 7.d3 e6 8.Nxd4 cxd4 9.Ne2
Ne7 10.O-O d5 11.Bb3 dxe4 12.dxe4 Nc6 13.c3 O-O 14.cxd4 Nxd4 15.Nxd4 Qxd4 16.Qe2
b6 17.Rd1 Qf6 18.Rb1 Rd8 19.Bd2 Bb7 20.f3